يونس عليه السلام في بطن الحوت : (رقم التسجيلة. 54899)

تفاصيل مارك
000 -LEADER
fixed length control field 00820nam a22002417a 4500
005 - DATE AND TIME OF LATEST TRANSACTION
control field 20251108171031.0
008 - FIXED-LENGTH DATA ELEMENTS--GENERAL INFORMATION
fixed length control field 250721s1998 xx 000 0 ara d
082 14 - DEWEY DECIMAL CLASSIFICATION NUMBER
Classification number ط214.2/عبي
100 1# - MAIN ENTRY--PERSONAL NAME
Personal name عبيد، منصور الرفاعي
245 10 - TITLE STATEMENT
Title يونس عليه السلام في بطن الحوت :
Remainder of title في بطن الحوت /
264 1# - PRODUCTION, PUBLICATION, DISTRIBUTION, MANUFACTURE, AND COPYRIGHT NOTICE
Place of production, publication, distribution, manufacture القاهرة :
Name of producer, publisher, distributor, manufacturer دار الفكر العربي،
Date of production, publication, distribution, manufacture, or copyright notice 1998.
300 ## - PHYSICAL DESCRIPTION
Extent 23ص.
490 0# - SERIES STATEMENT
Series statement شجرة الأنبياء
Volume/sequential designation 17
650 17 - SUBJECT ADDED ENTRY--TOPICAL TERM
Topical term or geographic name as entry element الأنبياء
650 17 - SUBJECT ADDED ENTRY--TOPICAL TERM
Topical term or geographic name as entry element قصص القرآن
653 ## - INDEX TERM--UNCONTROLLED
Uncontrolled term يونس عليه السلام
653 ## - INDEX TERM--UNCONTROLLED
Uncontrolled term ناشئون صغار (10-14 سنة)
700 1# - ADDED ENTRY--PERSONAL NAME
Personal name عبد الفتاح، إسماعيل
700 1# - ADDED ENTRY--PERSONAL NAME
Personal name هبيه، رزق السيد
700 1# - ADDED ENTRY--PERSONAL NAME
Personal name قاسم، صفوت
Relator term Cart.
942 ## - ADDED ENTRY ELEMENTS (KOHA)
Source of classification or shelving scheme Dewey Decimal Classification
Koha item type كتب
المقتنيات
حالة السحب حالة الفقدان مصدر التصنيف حالة التلف غير قابل للإعارة المكتبة الرئيسية المكتبة الحالية موقع الرف تاريخ التزويد الرقم المتسلسل Total Checkouts رقم الإستدعاء الباركود تاريخ آخر ظهور تاريخ الفاتورة نوع المادة (كوها)
    Dewey Decimal Classification     مكتبة أم المؤمنين للأطفال مكتبة أم المؤمنين للأطفال الأطفال 28/07/2025 419376   ط214.2/عبي 419376 28/07/2025 28/07/2025 كتب
    Dewey Decimal Classification     مكتبة الأميرة ايمان العامة مكتبة الأميرة ايمان العامة الأطفال 24/11/2013 357601   ط214.2/عبي PLD00287875 28/07/2025 24/11/2013 كتب
    Dewey Decimal Classification Unchecked   مكتبة الاميرة بديعة مكتبة الاميرة بديعة الأطفال 06/07/2004 357609   ط214.2/عبي   28/07/2025 06/07/2004 كتب
    Dewey Decimal Classification     مكتبة الاميرة بديعة مكتبة الاميرة بديعة الأطفال 01/07/2015 357609   ط214.2/عبي PLD00335232 28/07/2025 01/07/2015 كتب
    Dewey Decimal Classification     مكتبة البراعم الواعدة مكتبة البراعم الواعدة الأطفال 10/08/2015 1604169   ط214.2/عبي PLD00341171 28/07/2025 10/08/2015 كتب
    Dewey Decimal Classification Unchecked   مكتبة الجويدة مكتبة الجويدة الأطفال 06/07/2004 357608   ط214.2/عبي   28/07/2025 06/07/2004 كتب
    Dewey Decimal Classification Unchecked   مكتبة الحسن العامة مكتبة الحسن العامة الأطفال 06/07/2004 357612   ط214.2/عبي   28/07/2025 06/07/2004 كتب
    Dewey Decimal Classification     مكتبة النصر العامة مكتبة النصر العامة الأطفال 04/05/2015 357613   ط214.2/عبي PLD00387595 28/07/2025 04/05/2015 كتب
    Dewey Decimal Classification Unchecked   مكتبة حمزة العامة مكتبة حمزة العامة الأطفال 06/07/2004 357610   ط214.2/عبي   28/07/2025 06/07/2004 كتب
    Dewey Decimal Classification     مكتبة صويلح العامة مكتبة صويلح العامة الأطفال 15/07/2019 357614   ط214.2/عبي PLD00457662 28/07/2025 15/07/2019 كتب
    Dewey Decimal Classification     مكتبة وادي السير العامة مكتبة وادي السير العامة الأطفال 06/07/2004 357606   ط214.2/عبي 357606 28/07/2025 06/07/2004 كتب
Implemented & Customized by: BBB with SCIT (Smart Chains for Information Technology)

Powered by Koha